00329nam a2200121Ia 4500008004100000041000800041082001600049100002000065245004500085260004200130300002600172365000900198240624s9999 xx 000 0 und d aeng a658.472 MIL aMILLER GLORIA J aBUSINESS INTELLIGENCE COMPETENCY CENTERS c2006aNew JerseybJohn Wiley and Sons axxii, : 198p. ; 24cm. cb27